000 00974nam a2200301 i 4500
003 EG-GICUC
005 20260331064411.0
008 260331s1944 -uk a||fr|||| 001 0 eng d
040 _aEG-GiCUC
_beng
_cEG-GiCUC
_dEG-GiCUC
_erda
041 0 _aeng
082 0 4 _221
_a341.6
_bMC . L
092 0 4 _221
099 _aLaw1 11 341.6 MC . L 2 ed - 1944
100 1 _aMcnair, Arnold Duncan
_eAuthor.
245 1 0 _aLegal Effects Of War /
_cMcnair, Arnold Duncan.
250 _aSecond Edition.
264 3 _aLondon :
_bCambridge At The University Press,
_c1944.
300 _a416 pages :
_billustrations,
_c24 cm
336 _2rda content
_atext
337 _2rda media
_aComputer
338 _2rda carrier
_aOnline Resource
504 _aIncludes bibliographical references and index.
546 _aText in English
650 1 4 _aPublic international law
856 4 0 _uhttps://fll.law.cu.edu.eg/fulltext/bks/B11-09133.pdf
905 _a48
942 _2ddc
_cBK
_e21
_n0
999 _c67752
_d67752